| 000 | 01473cam a22003977a 4500 | ||
|---|---|---|---|
| 003 | CHAP | ||
| 005 | 20220329142304.0 | ||
| 008 | 000512d1999 mx a r 00110 spa d | ||
| 010 | _a81105 | ||
| 011 | _a82077 | ||
| 035 | _a92562 | ||
| 040 | _cCHAP | ||
| 090 | _aTesis | ||
| 100 | 0 | 0 |
_aPardo González, Pedro Antonio. _985495 |
| 245 | 1 | 0 |
_aEvaluación de la efectividad de dos programas de control químico para la Sigatoka negra del plátano (Mycospharella fijiensis) en Teapa, Tabasco _c/por Pedro Antonio Pardo González |
| 260 |
_aChapingo, Méx. : _bEl autor, _c1999. |
||
| 300 |
_a45 h. : _bilus. ; gráfs. |
||
| 500 | _ac.3 en bodega | ||
| 502 | _aTesis (Ing. Agr. Esp. en Parasitología Agrícola) --UACH. Departamento de Parasitología Agrícola | ||
| 590 |
_aALEPH _b10 _c20130110 _lUCH01 _h1435 |
||
| 590 |
_aBATCH-UPD _b10 _c20130110 _lUCH01 _h0534 |
||
| 590 |
_aBATCH-UPD _b10 _c20130111 _lUCH01 _h0000 |
||
| 590 |
_aBATCH-UPD _b10 _c20130410 _lUCH01 _h0214 |
||
| 590 |
_aBATCH-UPD _b10 _c20130914 _lUCH01 _h0642 |
||
| 590 |
_aCONVERSION _b10 _c20130109 _lUCH01 _h1345 |
||
| 650 | 1 | 4 |
_aBitertanol. _912958 |
| 650 | 1 | 4 |
_aFungicidas. _944044 |
| 650 | 1 | 4 |
_aMycosphaerella fijiensis. _979933 |
| 650 | 1 | 4 |
_aPlátano _xEnfermedades. _989231 |
| 650 | 1 | 4 |
_aPropiconazol. _992421 |
| 901 | _aBK | ||
| 905 | _aAlejandra Carrasco M. | ||
| 942 | _cFOLL | ||
| 949 |
_bBC _cTES _d33724000753430 _eTS2 _fc.2 _h35004 _i92562 _si |
||
| 949 |
_bBC _cTES _d925621 _eTS1 _h35003 _i92562 _sb |
||
| 999 |
_c81105 _d81105 |
||